00944nam a2200229 a 450000100100000000500170001000800410002702000150006804000250008308200130010810000390012124501290016026000670028930000290035650000320038550000330041750400420045065100530049270000350054595201170058099900170069700001544020200929164037.0960709s1992 es a b f000 0 spa d a8477901376 aDO-SdBNPcspadBNPHU axxxbxxx1 aHomar, Juan de,d1732-1808.93485613aEl Canal de Castilla :bcartografía de un proyecto ilustrado /cJuan de Homar ; estudio preliminar, Juan Helguera Quijada. aMadrid :bMinisterio de Obras Públicas y Transportes,c1992. a140 p. :bil., ;c33 cm. aIncluye planos desplegables aTextos a dos y tres columnas aIncluye referencias bibliográficas. 0aCastile, Canal Of (Spain{Rpara}xHistory.93485712aHelguera Quijada, Juan.934858 001052708MOaGRbGRcCTd2010-02-08iLF1l0oxxx xxxp15440-10r2020-06-25w2020-06-25y2ZPréstamo interno c14997d14997